000 00285nam a22001217a 4500
008 180522b xxu||||| |||| 00| 0 eng d
041 _aeng
080 _a043.3
100 _a0
101 _aMBE-BTH
245 _aDoganat si instrument i Politikës Fiskale
_cNamani,V
942 _2udc
_cBK
999 _c46226
_d46226